000 02161cam a2200361 i 4500
001 768714001
003 CO-MdFUSB
005 20231103114816.0
007 ta
008 220215t1989 sp |||| |||| 00| 0 spa d
020 _a8476452063
_qTomo I
020 _a84-7645-205-5
020 _a8476452071
_qTomo II
020 _a847645208X
_qTomo III
040 _aCO-MdFUSB
_bspa
_cCO-MdFUSB
_dCO-MdFUSBC
_erda
041 _aspa
082 _223
_a248.2
_bN372
100 _aNee, Watchman.
_eautor
245 3 _aEl hombre espiritual
_c/ Watchman Nee
264 1 _aEspaña :
_bClie,
_c[1989]
264 4 _c© 1989
300 _a481 páginas
_c; 20 cm
336 _2rdacontent
_atexto
_btxt
337 _2rdamedia
_asin mediación
_bn
338 _2rdacarrier
_avolumen
_bnc
505 _tTomo uno: Espíritu, Alma Y Cuerpo:
_aEspíritu, alma y cuerpo. – El espíritu y el alma. – La caída del hombre. – La salvación. -- La carne. -- La carne y la salvación. -- El creyente carnal. -- La cruz y el Espíritu Santo. -- La jactancia de la carne. -- La actitud definitiva del creyente con la carne. -- El alma. -- La liberación del pecado la vida del alma. -- La experiencia de los creyentes anímicos. -- Los peligros de la vida anímica. -- la cruz y el alma. -- Los creyentes espirituales y el alma.
505 _tTomo dos: Análisis Del Espíritu:
_aEspíritu Santo y el espíritu del creyente. -- El hombre espiritual. – La obra espiritual. -- Oración y combate. -- Un análisis del espíritu; La intuición. – La comunión. – La conciencia. -- Andando según el espíritu. – Los peligros de la vida espiritual. -- Las leyes del espíritu. -- El principio de la mente en ayuda del espíritu. -- La normalidad del espíritu. -- El análisis de la emoción del alma. -- El creyente y la emoción. -- El afecto. – Los deseos. -- Una vida de sentimiento. -- La vida de fe.
505 _tTomo III: Análisis de alma y cuerpo
_aParte I. El análisis del alma: la mente -- Parte II. El análisis del alma: la voluntad -- Parte III. El cuerpo.
563 _aRústico
650 0 _951
_aVida espiritual
942 _cBK
945 _aMag1104
999 _c67206
_d67206